[Event "NOR-chT Elite 2324"]
[Site "Norway"]
[Date "2024.03.10"]
[Round "9.32"]
[White "Gjestemoen Vonhirsch, Andre"]
[Black "Bern, Ivar"]
[Result "1-0"]
[WhiteElo "2295"]
[BlackElo "2301"]
[PlyCount "61"]
[EventDate "2023.10.27"]
[EventType "team-tourn"]
[EventRounds "9"]
[EventCountry "NOR"]
[SourceTitle "CB16_2024"]
[SourceDate "2024.04.17"]
[SourceVersion "1"]
[SourceVersionDate "2024.04.17"]
[SourceQuality "1"]
[WhiteTeam "Stavanger"]
[BlackTeam "Bergens"]
[WhiteTeamCountry "NOR"]
[BlackTeamCountry "NOR"]

1. d4 f5 2. Nc3 Nf6 3. Bg5 d5 4. Bxf6 exf6 5. e3 Be6 6. Qf3 Qd7 7. Bd3 Nc6 8. a3 0-0-0 9. Nge2 g5 10. 0-0-0 Bd6 11. Nb5 Be7 12. g3 a6 13. Nbc3 b5 14. h4 h6 15. Rh2 Bf8 16. Qh1 Na5 17. Ng1 g4 18. Nge2 Kb8 19. Nf4 Bf7 20. b4 Nb7 21. Kd2 c6 22. Ra1 a5 23. Qb1 axb4 24. axb4 Bd6 25. Nce2 Kc7 26. c3 Be6 27. Nxe6+ Qxe6 28. Bxf5 Qg8 29. Rh1 h5 30. Nc1 Ra8 31. Nb3 1-0

[Event "NOR-chT Elite 2223"]
[Site "Norway"]
[Date "2023.03.05"]
[Round "9.52"]
[White "Djurhuus, Rune"]
[Black "Bern, Ivar"]
[Result "1/2-1/2"]
[WhiteElo "2406"]
[BlackElo "2300"]
[PlyCount "83"]
[EventDate "2022.11.11"]
[EventType "team-tourn"]
[EventRounds "9"]
[EventCountry "NOR"]
[SourceTitle "CBM 213 Extra"]
[Source "ChessBase"]
[SourceDate "2023.05.31"]
[SourceVersion "1"]
[SourceVersionDate "2023.05.31"]
[SourceQuality "1"]
[WhiteTeam "Nordstrand"]
[BlackTeam "Bergens"]
[WhiteTeamCountry "NOR"]
[BlackTeamCountry "NOR"]

1. e4 c5 2. f4 d5 3. exd5 Nf6 4. Bb5+ Bd7 5. Bxd7+ Qxd7 6. c4 e6 7. Qe2 Bd6 8. d3 0-0 9. dxe6 fxe6 10. Nf3 Nc6 11. 0-0 Rae8 12. Nc3 e5 13. f5 Nd4 14. Qd1 Nxf5 15. Bg5 Ng4 16. Qd2 h6 17. h3 Ng3 18. Rfe1 hxg5 19. hxg4 e4 20. dxe4 Qxg4 21. e5 Bb8 22. Qd5+ Kh8 23. Ne4 Nxe4 24. Rxe4 Qg3 25. Rf1 Rf5 26. Qxc5 g4 27. Nd2 Rfxe5 28. Rxe5 Bxe5 29. Rf8+ Rxf8 30. Qxf8+ Kh7 31. Qf5+ Kh6 32. Qe4 Bxb2 33. Nf1 Qe5 34. Qxg4 Qd4+ 35. Qxd4 Bxd4+ 36. Kh2 Bf2 37. g4 Kg5 38. Kg2 Bc5 39. Kf3 Kf6 40. Ke4 Kg5 41. Kf3 Kf6 42. Ke4 1/2-1/2

[Event "NOR-chT Elite 2223"]
[Site "Norway"]
[Date "2023.03.04"]
[Round "8.12"]
[White "Bern, Ivar"]
[Black "Gjestemoen Vonhirsch, Andre"]
[Result "1/2-1/2"]
[WhiteElo "2300"]
[BlackElo "2321"]
[PlyCount "32"]
[EventDate "2022.11.11"]
[EventType "team-tourn"]
[EventRounds "9"]
[EventCountry "NOR"]
[SourceTitle "CBM 213 Extra"]
[Source "ChessBase"]
[SourceDate "2023.05.31"]
[SourceVersion "1"]
[SourceVersionDate "2023.05.31"]
[SourceQuality "1"]
[WhiteTeam "Bergens"]
[BlackTeam "Stavanger"]
[WhiteTeamCountry "NOR"]
[BlackTeamCountry "NOR"]

1. Nf3 Nf6 2. c4 g6 3. Nc3 Bg7 4. e4 e5 5. Nxe5 0-0 6. Nf3 Re8 7. d3 d5 8. cxd5 Nxd5 9. Nxd5 Qxd5 10. Be2 Qd6 11. h3 c5 12. 0-0 Nc6 13. a3 Be6 14. Rb1 Ba2 15. Ra1 Be6 16. Rb1 Ba2 1/2-1/2

[Event "NOR-chT Elite 2223"]
[Site "Norway"]
[Date "2023.01.15"]
[Round "6.21"]
[White "Bern, Ivar"]
[Black "Oye Stromberg, Alexander"]
[Result "1-0"]
[WhiteElo "2300"]
[BlackElo "2252"]
[PlyCount "129"]
[EventDate "2022.11.11"]
[EventType "team-tourn"]
[EventRounds "9"]
[EventCountry "NOR"]
[SourceTitle "CBM 213 Extra"]
[Source "ChessBase"]
[SourceDate "2023.05.31"]
[SourceVersion "1"]
[SourceVersionDate "2023.05.31"]
[SourceQuality "1"]
[WhiteTeam "Bergens"]
[BlackTeam "Hell"]
[WhiteTeamCountry "NOR"]
[BlackTeamCountry "NOR"]

1. c4 e5 2. Nc3 Nf6 3. Nf3 e4 4. Ng5 c6 5. Ngxe4 Nxe4 6. Nxe4 d5 7. cxd5 cxd5 8. Ng3 h5 9. e3 h4 10. Ne2 Nc6 11. d4 Bd6 12. Nc3 Qf6 13. Bd3 Qg5 14. 0-0 Nb4 15. f4 Qe7 16. Bb5+ Bd7 17. Bxd7+ Qxd7 18. a3 Nc6 19. Nxd5 f5 20. Bd2 0-0-0 21. Nb4 Ne7 22. Qf3 Kb8 23. Nd3 Qe6 24. Bb4 Bxb4 25. Nxb4 Nd5 26. Nxd5 Rxd5 27. Rac1 h3 28. gxh3 Rd6 29. Kh1 Qe7 30. Rg1 Re6 31. Rc3 Re8 32. Rg3 Re4 33. Qg2 Rg8 34. Qc2 Qd7 35. Kg1 Rge8 36. Kf2 a6 37. b4 Qe7 38. Qd2 Qh4 39. Kg1 g5 40. Rxg5 Qxh3 41. Rg3 Qh5 42. d5 R4e7 43. d6 Rd7 44. Rc7 Qf7 45. Rxd7 Qxd7 46. Qd5 Qh7 47. d7 Rd8 48. Rg2 Rxd7 49. Qg8+ Kc7 50. Rc2+ Kb6 51. Qxh7 Rxh7 52. Rc5 Rh3 53. Re5 Kc6 54. Kg2 Rh7 55. Rxf5 Re7 56. Re5 Rg7+ 57. Rg5 Re7 58. Kf3 Rh7 59. a4 Rxh2 60. b5+ axb5 61. Rxb5 Ra2 62. Rb4 Kc5 63. Rxb7 Rxa4 64. Rd7 Kc6 65. Rd4 1-0

[Event "NOR-chT Elite 2223"]
[Site "Norway"]
[Date "2022.11.13"]
[Round "3.32"]
[White "Bern, Ivar"]
[Black "Christiansen, Johan Sebastian"]
[Result "0-1"]
[WhiteElo "2305"]
[BlackElo "2582"]
[PlyCount "78"]
[EventDate "2022.11.11"]
[EventType "team-tourn"]
[EventRounds "9"]
[EventCountry "NOR"]
[SourceTitle "CBM 211 Extra"]
[Source "ChessBase"]
[SourceDate "2023.01.31"]
[SourceVersion "1"]
[SourceVersionDate "2023.01.31"]
[SourceQuality "1"]
[WhiteTeam "Bergens"]
[BlackTeam "Offerspill"]
[WhiteTeamCountry "NOR"]
[BlackTeamCountry "NOR"]

1. d4 Nf6 2. Nf3 d5 3. g3 c5 4. Bg2 cxd4 5. 0-0 h6 6. b3 e6 7. Bb2 Bc5 8. Bxd4 Bxd4 9. Qxd4 Nc6 10. Qb2 0-0 11. Na3 Qe7 12. c4 d4 13. Nc2 e5 14. b4 Bf5 15. a3 Rfe8 16. Nd2 Rad8 17. e4 Bg6 18. b5 Nb8 19. Nb4 Nbd7 20. Nd3 Nc5 21. Nxc5 Qxc5 22. Qb4 Qc7 23. c5 d3 24. f3 Nd7 25. Nb3 f5 26. Rad1 Nf6 27. Rxd3 Rxd3 28. Qc4+ Rd5 29. exd5 Bf7 30. f4 e4 31. Nd4 Nxd5 32. Qc1 g6 33. c6 bxc6 34. Qxc6 Qa5 35. Qd6 Ne3 36. Rf2 Rd8 37. Qf6 Ng4 38. Nc6 Qe1+ 39. Rf1 Qe3+ 0-1

[Event "NOR-chT Elite 2122"]
[Site "Norway"]
[Date "2022.02.05"]
[Round "5.3"]
[White "Bern, Ivar"]
[Black "Romanov, Evgeny"]
[Result "0-1"]
[WhiteElo "2312"]
[BlackElo "2561"]
[PlyCount "74"]
[EventDate "2021.10.28"]
[EventType "team-tourn"]
[EventRounds "9"]
[EventCountry "NOR"]
[SourceTitle "EXT 2023"]
[Source "ChessBase"]
[SourceDate "2022.10.05"]
[SourceVersion "1"]
[SourceVersionDate "2022.10.05"]
[SourceQuality "1"]
[WhiteTeam "Bergens"]
[BlackTeam "Valerenga"]
[WhiteTeamCountry "NOR"]
[BlackTeamCountry "NOR"]

1. c4 e5 2. Nc3 Bb4 3. Nd5 a5 4. Nf3 d6 5. a3 Bc5 6. e3 e4 7. d4 Ba7 8. Nd2 c6 9. Nc3 d5 10. b4 Nf6 11. Nb3 Bg4 12. f3 exf3 13. gxf3 axb4 14. axb4 Bh5 15. cxd5 Nxd5 16. Nxd5 cxd5 17. Bg2 Qh4+ 18. Kf1 0-0 19. Qe1 Qf6 20. Kf2 Nc6 21. b5 Ne7 22. Rf1 Nf5 23. Kg1 Bb6 24. Rxa8 Rxa8 25. f4 Rd8 26. Nc5 Nh4 27. Bh1 Qe7 28. Nd3 Nf5 29. Bg2 Qe8 30. Bh3 Bg6 31. Ne5 Qxb5 32. Nxg6 hxg6 33. Bxf5 gxf5 34. Qh4 Rc8 35. Ba3 Rc6 36. Qe7 Qe2 37. Bd6 Rc2 0-1

[Event "NOR-chT Elite 1920"]
[Site "Norway"]
[Date "2019.11.01"]
[Round "1.3"]
[White "Bern, Ivar"]
[Black "Galchenko, Matvey"]
[Result "1/2-1/2"]
[WhiteElo "2298"]
[BlackElo "2395"]
[PlyCount "124"]
[EventDate "2019.11.01"]
[EventType "team-tourn"]
[EventRounds "9"]
[EventCountry "NOR"]
[SourceTitle "CBM 194 Extra"]
[Source "ChessBase"]
[SourceDate "2020.03.31"]
[SourceVersion "1"]
[SourceVersionDate "2020.03.31"]
[SourceQuality "1"]
[WhiteTeam "SK 96"]
[BlackTeam "Alta"]
[WhiteTeamCountry "NOR"]
[BlackTeamCountry "NOR"]

1. d4 Nf6 2. Nc3 e6 3. Bf4 c5 4. e3 a6 5. a3 b5 6. dxc5 Bxc5 7. Bd6 Bxd6 8. Qxd6 Qe7 9. 0-0-0 Qxd6 10. Rxd6 Ke7 11. Rd2 Bb7 12. Nf3 d6 13. Nd4 Nbd7 14. Nb3 Rab8 15. Na5 Ba8 16. f3 Rhc8 17. Na2 Rc7 18. Nb4 Nc5 19. b3 Nd5 20. e4 Nxb4 21. axb4 Nd7 22. Kb2 Ne5 23. Be2 g5 24. Rhd1 d5 25. exd5 Bxd5 26. Rd4 Rbc8 27. R1d2 f5 28. h4 h6 29. hxg5 hxg5 30. Bd1 Kf6 31. f4 gxf4 32. Rxf4 Be4 33. Rff2 Rg8 34. Bf3 Bxf3 35. gxf3 f4 36. Rd6 Rg3 37. Rxa6 Rxf3 38. Rxf3 Nxf3 39. Nc6 Ng5 40. c4 f3 41. cxb5 f2 42. Ra1 Nh3 43. Na5 Rg7 44. Nc4 e5 45. b6 Ke6 46. Ne3 e4 47. Kc3 Ke5 48. Rh1 Ng1 49. b7 Rxb7 50. Ng4+ Kf4 51. Nxf2 Rc7+ 52. Kd4 Nf3+ 53. Kd5 e3 54. Nd3+ Kg3 55. Rh6 Nd2 56. b5 Rc3 57. Kd4 Rxb3 58. Kxe3 Nf1+ 59. Ke2 Rxb5 60. Rg6+ Kh4 61. Kxf1 Rg5 62. Rxg5 Kxg5 1/2-1/2

[Event "NOR-chT 1819"]
[Site "Norway"]
[Date "2019.03.08"]
[Round "7.5"]
[White "Sahl, Bjarke"]
[Black "Bern, Ivar"]
[Result "1-0"]
[WhiteElo "2311"]
[BlackElo "2295"]
[PlyCount "49"]
[EventDate "2018.11.02"]
[EventType "team-tourn"]
[EventRounds "9"]
[EventCountry "NOR"]
[SourceTitle "CBM 189 Extra"]
[Source "ChessBase"]
[SourceDate "2019.06.03"]
[SourceVersion "1"]
[SourceVersionDate "2019.06.03"]
[SourceQuality "1"]
[WhiteTeam "Asker"]
[BlackTeam "Bergens"]
[WhiteTeamCountry "NOR"]
[BlackTeamCountry "NOR"]

1. d4 f5 2. c4 Nf6 3. Nc3 e6 4. Nf3 Bb4 5. Bd2 b6 6. e3 0-0 7. Qc2 Bb7 8. Bd3 Bxc3 9. Bxc3 Ne4 10. 0-0-0 Nxc3 11. Qxc3 Bxf3 12. gxf3 Qf6 13. f4 c5 14. Be2 Nc6 15. dxc5 Qxc3+ 16. bxc3 Rfd8 17. Rd6 Kf7 18. Rhd1 Ke7 19. Bf3 Rac8 20. Bxc6 Rxc6 21. Rxc6 dxc6 22. Rxd8 Kxd8 23. cxb6 axb6 24. c5 bxc5 25. Kb2 1-0

[Event "NOR-chT 1819"]
[Site "Norway"]
[Date "2018.11.02"]
[Round "1.4"]
[White "Bern, Ivar"]
[Black "Urkedal, Frode Olav Olsen"]
[Result "1/2-1/2"]
[WhiteElo "2295"]
[BlackElo "2539"]
[PlyCount "88"]
[EventDate "2018.11.02"]
[EventType "team-tourn"]
[EventRounds "9"]
[EventCountry "NOR"]
[SourceTitle "CBM 188 Extra"]
[Source "ChessBase"]
[SourceDate "2019.02.26"]
[SourceVersion "1"]
[SourceVersionDate "2019.02.26"]
[SourceQuality "1"]
[WhiteTeam "Bergens"]
[BlackTeam "Oslo SK 1911"]
[WhiteTeamCountry "NOR"]
[BlackTeamCountry "NOR"]

1. Nf3 Nf6 2. g3 d5 3. Bg2 e6 4. 0-0 Be7 5. b3 0-0 6. Bb2 b6 7. d4 Bb7 8. c4 dxc4 9. bxc4 c5 10. e3 cxd4 11. exd4 Nc6 12. Nbd2 Rc8 13. Rc1 Na5 14. Qe2 Ba6 15. Ne5 Nd7 16. Nb3 Nxe5 17. Nxa5 bxa5 18. dxe5 Qb6 19. Rfd1 Rc7 20. Bd4 Qb4 21. Qe3 Rxc4 22. Rb1 Qa4 23. Bf1 Rc6 24. Bxa6 Rxa6 25. Bc5 Bxc5 26. Qxc5 Rb6 27. Rbc1 g6 28. Qe7 Rc6 29. Qd7 Rc4 30. Qxa4 Rxa4 31. Rd2 g5 32. Rc7 a6 33. Kg2 g4 34. h3 h5 35. hxg4 hxg4 36. f3 gxf3+ 37. Kxf3 Rb8 38. Ra7 Rb5 39. Rdd7 Ra3+ 40. Kg4 Rb4+ 41. Kh5 Rxg3 42. Ra8+ Kg7 43. Rdd8 Rh3+ 44. Kg5 Rg3+ 1/2-1/2

[Event "NOR-chT Club"]
[Site "Bergen"]
[Date "2018.05.13"]
[Round "5.3"]
[White "Madland, Kristoffer"]
[Black "Bern, Ivar"]
[Result "1/2-1/2"]
[WhiteElo "2130"]
[BlackElo "2308"]
[PlyCount "66"]
[EventDate "2018.05.10"]
[EventType "team-swiss"]
[EventRounds "6"]
[EventCountry "NOR"]
[SourceTitle "EXT 2019"]
[Source "ChessBase"]
[SourceDate "2018.10.10"]
[SourceVersion "1"]
[SourceVersionDate "2018.10.10"]
[SourceQuality "1"]
[WhiteTeam "Oslo SK 1911"]
[BlackTeam "Bergens"]
[WhiteTeamCountry "NOR"]
[BlackTeamCountry "NOR"]

1. d4 f5 2. Bg5 g6 3. Nc3 Bg7 4. e4 fxe4 5. Nxe4 d5 6. Nc5 b6 7. Nb3 c5 8. Nf3 c4 9. Nbd2 Nc6 10. c3 Qd6 11. Be2 b5 12. a3 Nh6 13. 0-0 0-0 14. Re1 Nf5 15. g3 Bb7 16. Bf1 e5 17. dxe5 Nxe5 18. Nxe5 Bxe5 19. Nf3 Bf6 20. Bg2 d4 21. Bxf6 Qxf6 22. cxd4 Rad8 23. Qe2 Nxg3 24. hxg3 Bxf3 25. Bxf3 Qxf3 26. Rad1 Qxe2 27. Rxe2 Rfe8 28. Re3 Kf7 29. Kf1 Re6 30. Ke2 Red6 31. Re4 Rd5 32. Ke3 Kf6 33. Rc1 R8d7 1/2-1/2

[Event "NOR-chT Club"]
[Site "Bergen"]
[Date "2018.05.10"]
[Round "2"]
[White "Bern, Ivar"]
[Black "Haug, Johannes"]
[Result "0-1"]
[WhiteElo "2308"]
[BlackElo "2387"]
[PlyCount "128"]
[EventDate "2018.05.10"]
[EventType "team-swiss"]
[EventRounds "6"]
[EventCountry "NOR"]
[SourceTitle "EXT 2019"]
[Source "ChessBase"]
[SourceDate "2018.10.10"]
[SourceVersion "1"]
[SourceVersionDate "2018.10.10"]
[SourceQuality "1"]
[WhiteTeam "Bergens"]
[BlackTeam "Nordstrand"]
[WhiteTeamCountry "NOR"]
[BlackTeamCountry "NOR"]

1. Nf3 d5 2. g3 Nf6 3. Bg2 e6 4. 0-0 b5 5. d3 Bb7 6. e4 Be7 7. e5 Nfd7 8. h4 h6 9. h5 c5 10. Bf4 Nc6 11. Nbd2 Qc7 12. c4 bxc4 13. dxc4 Nb6 14. Qe2 0-0 15. b3 Rfd8 16. Rac1 dxc4 17. Nxc4 Nxc4 18. Qxc4 a5 19. Rfd1 Nb4 20. Be3 Nxa2 21. Rxd8+ Rxd8 22. Ra1 Nb4 23. Qg4 Kf8 24. Ne1 Nd5 25. Bd2 Qxe5 26. Rxa5 Nf6 27. Qf4 Qxf4 28. Bxf4 Bxg2 29. Kxg2 Nxh5 30. Be3 Nf6 31. Bxc5 Bxc5 32. Rxc5 Rb8 33. Rc3 Ne4 34. Re3 Nc5 35. Nd3 Nxb3 36. Ne5 Rb7 37. Rc3 g6 38. Rc8+ Kg7 39. Nc4 Ra7 40. Ne5 Rb7 41. Nc4 Rd7 42. Ne5 Rd5 43. f4 Rc5 44. Rb8 Na5 45. Ra8 Nc4 46. Nd3 Rd5 47. Nf2 h5 48. Ne4 Rd7 49. Ng5 Ne3+ 50. Kf3 Nf5 51. Ra3 Rb7 52. Kg2 Nh6 53. Ra2 Ng4 54. Rd2 e5 55. fxe5 Nxe5 56. Ra2 Re7 57. Ra6 Ng4 58. Ra2 f6 59. Nf3 g5 60. Rb2 Kg6 61. Ra2 Rc7 62. Rb2 Rc2+ 63. Rxc2 Ne3+ 64. Kf2 Nxc2 0-1

[Event "NOR-chT 1718"]
[Site "Norway"]
[Date "2018.01.12"]
[Round "4.5"]
[White "Berg, Emanuel"]
[Black "Bern, Ivar"]
[Result "1/2-1/2"]
[WhiteElo "2546"]
[BlackElo "2317"]
[PlyCount "49"]
[EventDate "2017.11.03"]
[EventType "team-tourn"]
[EventRounds "9"]
[EventCountry "NOR"]
[SourceTitle "EXT 2019"]
[Source "ChessBase"]
[SourceDate "2018.10.10"]
[SourceVersion "1"]
[SourceVersionDate "2018.10.10"]
[SourceQuality "1"]
[WhiteTeam "OSS"]
[BlackTeam "Bergens"]
[WhiteTeamCountry "NOR"]
[BlackTeamCountry "NOR"]

1. e4 g6 2. d4 Bg7 3. Nc3 c6 4. Be3 d5 5. Qd2 dxe4 6. Nxe4 Nd7 7. Nf3 Ngf6 8. Nxf6+ Nxf6 9. Bd3 0-0 10. 0-0 a5 11. Rfe1 a4 12. c4 Re8 13. h3 Qa5 14. b4 axb3 15. Qxa5 Rxa5 16. axb3 Rxa1 17. Rxa1 Nd7 18. Ra8 e5 19. dxe5 Nxe5 20. Nxe5 Bxe5 21. f4 Bc3 22. Kf2 f5 23. Kf3 Kf7 24. Bb6 Be6 25. Rxe8 1/2-1/2

[Event "NOR-chT 1617"]
[Site "Norway"]
[Date "2016.10.29"]
[Round "2.5"]
[White "Bern, Ivar"]
[Black "Stokke, Kjetil"]
[Result "1-0"]
[WhiteElo "2303"]
[BlackElo "2357"]
[PlyCount "79"]
[EventDate "2016.10.28"]
[EventType "team-tourn"]
[EventRounds "9"]
[EventCountry "NOR"]
[SourceTitle "EXT 2018"]
[Source "ChessBase"]
[SourceDate "2017.10.13"]
[SourceVersion "1"]
[SourceVersionDate "2017.10.13"]
[SourceQuality "1"]
[WhiteTeam "SK 96"]
[BlackTeam "Bergens"]
[WhiteTeamCountry "NOR"]
[BlackTeamCountry "NOR"]

1. c4 g6 2. g3 Bg7 3. Bg2 e5 4. Nc3 Nc6 5. Rb1 a6 6. b4 Nge7 7. e3 Rb8 8. a4 a5 9. bxa5 Nxa5 10. d3 0-0 11. Nge2 d6 12. 0-0 Be6 13. Nd5 Qd7 14. Bd2 b6 15. Nxe7+ Qxe7 16. Bxa5 bxa5 17. Rb5 e4 18. Nd4 Bxd4 19. exd4 Qf6 20. Bxe4 Qxd4 21. Qa1 Qa7 22. Qf6 Rxb5 23. axb5 Qc5 24. Ra1 Qb4 25. h4 Bg4 26. Qd4 a4 27. Qa7 Be2 28. Qxa4 Qc3 29. Qa3 Qd4 30. Ra2 Bg4 31. Qa7 Qc3 32. Qxc7 Qe1+ 33. Kg2 Be2 34. Rxe2 Qxe2 35. Qxd6 f5 36. Bf3 Qe8 37. b6 f4 38. g4 Kg7 39. Qd4+ Kh6 40. g5# 1-0

[Event "NOR-chT 1516"]
[Site "Norway"]
[Date "2016.03.05"]
[Round "8.3"]
[White "Ragger, Markus"]
[Black "Bern, Ivar"]
[Result "1-0"]
[WhiteElo "2689"]
[BlackElo "2314"]
[PlyCount "67"]
[EventDate "2015.10.30"]
[EventType "team-tourn"]
[EventRounds "9"]
[EventCountry "NOR"]
[SourceTitle "EXT 2017"]
[Source "ChessBase"]
[SourceDate "2016.10.25"]
[SourceVersion "1"]
[SourceVersionDate "2016.10.25"]
[SourceQuality "1"]
[WhiteTeam "Valerenga"]
[BlackTeam "Bergens"]
[WhiteTeamCountry "NOR"]
[BlackTeamCountry "NOR"]

1. Nf3 f5 2. g3 Nf6 3. c4 e6 4. Bg2 d5 5. 0-0 c6 6. d3 dxc4 7. dxc4 Qxd1 8. Rxd1 Nbd7 9. Nd4 Kf7 10. Nc3 g6 11. e4 Bb4 12. exf5 exf5 13. Bf4 Nb6 14. Nf3 Bxc3 15. bxc3 Ne4 16. Ne5+ Kf6 17. f3 Nxc3 18. Rd6+ Be6 19. Re1 Rhe8 20. h4 Nxa2 21. Bh6 Nc8 22. Rd2 Bxc4 23. Bg5+ Kg7 24. Rd7+ Kg8 25. Bf6 Nb6 26. Rg7+ Kf8 27. Rxh7 Rxe5 28. Rxe5 Nc1 29. Rxb7 Nd5 30. Bg5 Nd3 31. Re6 a5 32. Bh6+ Kg8 33. Rxg6+ Kh8 34. Bg7+ 1-0

[Event "NOR-chT 1516"]
[Site "Norway"]
[Date "2016.03.04"]
[Round "7.4"]
[White "Bern, Ivar"]
[Black "Turov, Maxim"]
[Result "0-1"]
[WhiteElo "2314"]
[BlackElo "2609"]
[PlyCount "60"]
[EventDate "2015.10.30"]
[EventType "team-tourn"]
[EventRounds "9"]
[EventCountry "NOR"]
[SourceTitle "EXT 2017"]
[Source "ChessBase"]
[SourceDate "2016.10.25"]
[SourceVersion "1"]
[SourceVersionDate "2016.10.25"]
[SourceQuality "1"]
[WhiteTeam "Bergens"]
[BlackTeam "Tromsoe"]
[WhiteTeamCountry "NOR"]
[BlackTeamCountry "NOR"]

1. c4 e5 2. Nc3 Nf6 3. Nf3 Nc6 4. e3 Bb4 5. Qc2 Bxc3 6. Qxc3 Qe7 7. a3 d5 8. b4 Bg4 9. Bb2 Bxf3 10. gxf3 0-0 11. cxd5 Nxd5 12. Qc2 Rad8 13. Bc4 Rfe8 14. Rc1 a6 15. h4 Rd6 16. h5 Qg5 17. Bxd5 Rxd5 18. h6 g6 19. Qe4 Qd8 20. Bc3 Nd4 21. Bxd4 exd4 22. Qf4 c6 23. e4 Rf5 24. Qg3 Qf6 25. Rh3 Rg5 26. Qh2 a5 27. bxa5 Rxa5 28. Qc7 Rb5 29. Rg3 d3 30. a4 Rh5 0-1

[Event "NOR-chT 1516"]
[Site "Norway"]
[Date "2016.01.16"]
[Round "5.5"]
[White "Bern, Ivar"]
[Black "Johannessen, Leif Erlend"]
[Result "0-1"]
[WhiteElo "2314"]
[BlackElo "2487"]
[PlyCount "80"]
[EventDate "2015.10.30"]
[EventType "team-tourn"]
[EventRounds "9"]
[EventCountry "NOR"]
[SourceTitle "CBM 170 Extra"]
[Source "ChessBase"]
[SourceDate "2016.02.25"]
[SourceVersion "1"]
[SourceVersionDate "2016.02.25"]
[SourceQuality "1"]
[WhiteTeam "Bergens"]
[BlackTeam "OSS"]
[WhiteTeamCountry "NOR"]
[BlackTeamCountry "NOR"]

1. c4 e5 2. Nc3 Nf6 3. e3 Nc6 4. a3 d5 5. cxd5 Nxd5 6. Qc2 Be6 7. Nf3 Bd6 8. Ne4 h6 9. Bb5 0-0 10. Bxc6 bxc6 11. Qxc6 f5 12. Nc3 Nxc3 13. Qxc3 Bd5 14. b4 Qe7 15. Bb2 Rae8 16. Rc1 Qf7 17. 0-0 e4 18. Nh4 Be5 19. Qxe5 Rxe5 20. Bxe5 c6 21. g3 g5 22. Ng2 Qe6 23. Bd4 f4 24. exf4 gxf4 25. Rc3 e3 26. dxe3 Qh3 27. e4 Bxe4 28. f3 fxg3 29. hxg3 Bd5 30. Be5 Qh5 31. Bf4 Re8 32. Kf2 Qg6 33. Ne3 Qf6 34. Rfc1 Qd4 35. R1c2 h5 36. Kg2 h4 37. Nf5 h3+ 38. Kxh3 Be6 39. Rc5 Rf8 40. Kg4 Rxf5 0-1

[Event "NOR-chT 1516"]
[Site "Norway"]
[Date "2015.11.01"]
[Round "3.5"]
[White "Thingstad, Even"]
[Black "Bern, Ivar"]
[Result "0-1"]
[WhiteElo "2195"]
[BlackElo "2314"]
[PlyCount "64"]
[EventDate "2015.10.30"]
[EventType "team-tourn"]
[EventRounds "9"]
[EventCountry "NOR"]
[SourceTitle "CBM 169 Extra"]
[Source "ChessBase"]
[SourceDate "2015.12.18"]
[SourceVersion "1"]
[SourceVersionDate "2015.12.18"]
[SourceQuality "1"]
[WhiteTeam "Trondheim"]
[BlackTeam "Bergens"]
[WhiteTeamCountry "NOR"]
[BlackTeamCountry "NOR"]

1. d4 d6 2. c4 e5 3. Nc3 exd4 4. Qxd4 Nc6 5. Qd2 Nf6 6. b3 Be7 7. e4 0-0 8. Nge2 Re8 9. Ng3 Ng4 10. Be2 Bf6 11. Bb2 Bd4 12. 0-0 Qh4 13. Bxg4 Bxg4 14. Nd5 Bxb2 15. Qxb2 Rac8 16. Rae1 Ne5 17. Qc3 Bd7 18. Ne3 Qd8 19. f4 Ng6 20. f5 Ne5 21. f6 g6 22. Nd5 c6 23. Qd2 Ng4 24. Rf4 cxd5 25. Ref1 Re5 26. exd5 Qb6+ 27. Kh1 Qe3 28. Qd1 h5 29. R4f3 Qg5 30. Qd4 Rce8 31. h3 Ne3 32. R1f2 h4 0-1

[Event "NOR-chT 1415"]
[Site "Norway"]
[Date "2015.03.06"]
[Round "9"]
[White "Collins, Sam E"]
[Black "Bern, Ivar"]
[Result "0-1"]
[WhiteElo "2490"]
[BlackElo "2308"]
[PlyCount "80"]
[EventDate "2014.10.31"]
[EventType "team-tourn"]
[EventRounds "11"]
[EventCountry "NOR"]
[SourceTitle "EXT 2016"]
[Source "ChessBase"]
[SourceDate "2015.10.08"]
[SourceVersion "1"]
[SourceVersionDate "2015.10.08"]
[SourceQuality "1"]
[WhiteTeam "Black Knights"]
[BlackTeam "SK 96"]
[WhiteTeamCountry "NOR"]
[BlackTeamCountry "NOR"]

1. e4 c5 2. Nf3 e6 3. c3 d5 4. exd5 Qxd5 5. d4 Nf6 6. a3 Be7 7. Be3 Nc6 8. Bd3 0-0 9. 0-0 Rd8 10. Qe2 b6 11. Rd1 Qh5 12. Nbd2 cxd4 13. cxd4 Bb7 14. Rac1 Rac8 15. h3 Nd5 16. Ne4 Nxe3 17. fxe3 Nb8 18. Qf2 Nd7 19. Rf1 f6 20. Ng3 Qe8 21. Bb5 Rxc1 22. Rxc1 Rc8 23. Re1 Bd6 24. e4 Kh8 25. Kh2 Qe7 26. Bd3 Bb8 27. Bb1 Nf8 28. e5 Bxf3 29. Qxf3 fxe5 30. dxe5 Rc5 31. Qf4 Nd7 32. Qe4 g6 33. Qa8 Kg7 34. Rd1 Bxe5 35. Qxa7 Rc7 36. Qa4 Nf6 37. Qb5 Nd5 38. Qd3 Qg5 39. Re1 Nf6 40. Qe3 Bf4 0-1

[Event "NOR-chT 1415"]
[Site "Norway"]
[Date "2014.11.01"]
[Round "2.5"]
[White "Houska, Jovanka"]
[Black "Bern, Ivar"]
[Result "1/2-1/2"]
[WhiteElo "2389"]
[BlackElo "2308"]
[PlyCount "102"]
[EventDate "2014.10.31"]
[EventType "team-tourn"]
[EventRounds "11"]
[EventCountry "NOR"]
[SourceTitle "EXT 2015"]
[Source "ChessBase"]
[SourceDate "2014.11.20"]
[SourceVersion "1"]
[SourceVersionDate "2014.11.20"]
[SourceQuality "1"]
[WhiteTeam "Bergens"]
[BlackTeam "SK 96"]
[WhiteTeamCountry "NOR"]
[BlackTeamCountry "NOR"]

1. d4 f5 2. Bg5 g6 3. Nd2 Nh6 4. e4 Nf7 5. Be3 fxe4 6. Nxe4 d5 7. Ng5 Nxg5 8. Bxg5 Bg7 9. Qd2 Nc6 10. c3 0-0 11. Nf3 Qd6 12. 0-0-0 Bg4 13. Be2 e6 14. h3 Bxf3 15. Bxf3 b5 16. Bh6 Bxh6 17. Qxh6 Qf4+ 18. Qxf4 Rxf4 19. Rde1 Kf7 20. Re3 Rf8 21. Rhe1 Nd8 22. Kc2 c6 23. a4 a6 24. axb5 axb5 25. Ra1 Nb7 26. Ra6 Rc8 27. Kd3 Ke7 28. b3 Rc7 29. Ra8 Kd6 30. g3 Rf6 31. h4 h5 32. g4 Rf4 33. gxh5 gxh5 34. Bxh5 Rxh4 35. Bd1 Rf7 36. Re8 Rf6 37. Rb8 Kc7 38. Re8 Kd7 39. Rg8 Nd6 40. Bg4 Ne4 41. f3 Nf2+ 42. Kd2 Nxg4 43. Rxg4 Rh2+ 44. Kd3 Rf2 45. Rg7+ Kd6 46. c4 bxc4+ 47. bxc4 dxc4+ 48. Kxc4 R6xf3 49. Rxf3 Rxf3 50. Rg4 Rf5 51. Rh4 c5 1/2-1/2